=LDR 00000nam 2200000 4500 =001 INLIS000000000048046 =005 20160405152823.0 =006 =007 =008 =035 ##$$0010-041600000000027 =082 ##$$a 345.05-Sah-k =100 ##$$a Dr.J.E. SAHETAFI,S.H =245 ##$$a Kausa kejahatan dan beberapa analisa kriminologik =260 ##$$a Bandung $b Alumni $c 1981 =300 ##$$a vii,112 Hlm $c 20 Cm =990 ##$$a 0001/BPAP-NTB/2016